Statistics for Figures from Greek Mythology

Click here to take the quiz!

General Stats

  • This quiz has been taken 75,860 times
    (59,058 since last reset)
  • The average score is 12 of 20

Answer Stats

Clue Answer % Correct
She opened a box full of troublePandora
89%
Her gaze could turn you to stoneMedusa
89%
Strongman who completed 12 laboursHeracles
88%
Holds the heavens on his shoulders
(not the Earth)
Atlas
82%
Leader of the ArgonautsJason
80%
Greek hero of the Trojan warAchilles
77%
Her beauty launched a thousand shipsHelen
76%
Winged horse ridden by BellerophonPegasus
74%
He flew too close to the sunIcarus
71%
Took a long and strange journey homeOdysseus
62%
Killed his father and married his motherOedipus
61%
Hades kidnapped her to be his queenPersephone
61%
Hero who killed the abovePerseus
58%
Gave fire to the mortalsPrometheus
52%
Troy's top warriorHector
49%
The keeper of timeChronos
43%
Slew the minotaurTheseus
42%
Pushes a stone uphill for all eternitySisyphus
30%
Trojan leader who fled to ItalyAeneas
23%
Goddess of discordEris
22%

Score Distribution

Percentile by Number Answered

Percent of People with Each Score

Your Score History

You have not taken this quiz since the last reset